000 00374nam a2200145Ia 4500
999 _c14895
_d14895
082 _aRD.0050
100 _aDamle, Y.B.
245 0 _aHolocaust in Marathwada - 1978
260 _c1984
_bICSSR, New Delhi
300 _a209p.
650 _aRIOTS - MARATHWADA REGION - 1978
650 _aMARATHWADA UNIVERSITY, AURANGABAD
710 _aUniversity of Poona
942 _cRP
_2ddc